000 01097nam a2200325 a 4500
999 _c488584
_d488584
003 BLK
005 20250801161751.0
008 180408b bul|||||r ||||||| ||bul||
010 _aKNG00079078000
020 _a9786191517886
040 _aBLK
041 _aBUL
_cBUL
080 _aБългарска литература
_b821.163.2
_x-32
_z821.163.2-32
080 _aБългарска литература
_b821.163.2
_x-992
_z821.163.2-992
139 _aКонстантинов, Алеко Иваницов
_bК 82
245 1 0 _aБай Ганьо
_cАлеко Константинов.
245 1 0 _aДо Чикаго и назад
257 _aBGR
260 _aСофия
_bСофтПрес
_c2022
_9209582
_n978-619-151- ; 978-954-685-
300 _a295 с.
_c20 см
380 _aX
490 _9202580
_aБългарска класика
852 _aЦб 317972
_bЦб
856 4 _qpdf
_i0.00
_ldisable
856 4 _qpdf
_i0.00
_ldisable
942 _cKNG
_n0
_s1
_040
944 _c2023-02-03
_k30531
_lЦветелина Шанова
999 _d488584
999 _d488584